000 00743cam a2200205 4500
001 WB3621-07
008 000000n2000 000 0 eng u
035 _a(Sirsi) u106147
245 _aHouse price inflation set to fall
260 _c2000
490 _aSunday Business
_v 28 May 2000, 29(1)
520 _aAnalysts expect house price inflation to decrease and average at 12.5% this year, although a fall in property prices is unlikely, except possibly on a localised level. Comment by Cambridge Econometrics and the RICS.
590 _aWB
650 _aHOUSE PRICES
650 _aHOUSE PRICE INFLATION
650 _aRICS
650 _aANALYSIS
690 _aPROPERTY-RESIDENTIAL PROPERTY-RESIDENTIAL PROPERTY MARKET
942 _n0
999 _c63590
_d63590